<?xml version="1.0" encoding="UTF-8"?>
<record
    xmlns:xsi="http://www.w3.org/2001/XMLSchema-instance"
    xsi:schemaLocation="http://www.loc.gov/MARC21/slim http://www.loc.gov/standards/marcxml/schema/MARC21slim.xsd"
    xmlns="http://www.loc.gov/MARC21/slim">

  <leader>00923nam0a2200289   4500</leader>
  <controlfield tag="001">RU\NLR\BIBL_A\022274347</controlfield>
  <controlfield tag="005">20250625182414.0</controlfield>
  <datafield tag="010" ind1=" " ind2=" ">
    <subfield code="9">3000</subfield>
  </datafield>
  <datafield tag="035" ind1=" " ind2=" ">
    <subfield code="a">(NLR Aleph) 022274347</subfield>
  </datafield>
  <datafield tag="090" ind1=" " ind2=" ">
    <subfield code="a">13322942</subfield>
    <subfield code="c">13322942</subfield>
  </datafield>
  <datafield tag="100" ind1=" " ind2=" ">
    <subfield code="a">20240708d1973    |||y0rusy50      ca</subfield>
  </datafield>
  <datafield tag="101" ind1="0" ind2=" ">
    <subfield code="a">bua</subfield>
  </datafield>
  <datafield tag="102" ind1=" " ind2=" ">
    <subfield code="a">RU</subfield>
  </datafield>
  <datafield tag="105" ind1=" " ind2=" ">
    <subfield code="a">y   z   000 y</subfield>
  </datafield>
  <datafield tag="181" ind1=" " ind2="0">
    <subfield code="a">i </subfield>
    <subfield code="b">axxe  </subfield>
  </datafield>
  <datafield tag="182" ind1=" " ind2="0">
    <subfield code="a">n</subfield>
  </datafield>
  <datafield tag="200" ind1="1" ind2=" ">
    <subfield code="a">&#x411;&#x430;&#x44F;&#x43D; &#x443;&#x440;&#x433;&#x430;&#x441;&#x430;</subfield>
    <subfield code="e">&#x43E;&#x447;&#x435;&#x440;&#x43A;&#x43D;&#x443;&#x443;&#x434;</subfield>
    <subfield code="f">&#x411;&#x430;&#x440;&#x430;&#x434;&#x438;&#x439; &#x41C;&#x443;&#x43D;&#x433;&#x43E;&#x43D;&#x43E;&#x432;</subfield>
  </datafield>
  <datafield tag="203" ind1=" " ind2=" ">
    <subfield code="a">&#x422;&#x435;&#x43A;&#x441;&#x442;</subfield>
    <subfield code="b">&#x432;&#x438;&#x437;&#x443;&#x430;&#x43B;&#x44C;&#x43D;&#x44B;&#x439;</subfield>
    <subfield code="c">&#x43D;&#x435;&#x43F;&#x43E;&#x441;&#x440;&#x435;&#x434;&#x441;&#x442;&#x432;&#x435;&#x43D;&#x43D;&#x44B;&#x439;</subfield>
  </datafield>
  <datafield tag="210" ind1=" " ind2=" ">
    <subfield code="a">&#x423;&#x43B;&#x430;&#x430;&#x43D;-&#x4AE;&#x434;&#x44D;</subfield>
    <subfield code="c">&#x411;&#x443;&#x440;&#x44F;&#x430;&#x434;&#x430;&#x439; &#x43D;&#x43E;&#x43C;&#x43E;&#x439; &#x445;&#x44D;&#x431;&#x43B;&#x44D;&#x43B;</subfield>
    <subfield code="d">1973</subfield>
  </datafield>
  <datafield tag="215" ind1=" " ind2=" ">
    <subfield code="a">203, [1] &#x441;.</subfield>
    <subfield code="d">18</subfield>
  </datafield>
  <datafield tag="541" ind1="1" ind2=" ">
    <subfield code="a">&#x411;&#x43E;&#x433;&#x430;&#x442;&#x44B;&#x439; &#x443;&#x440;&#x43E;&#x436;&#x430;&#x439;</subfield>
    <subfield code="z">rus</subfield>
  </datafield>
  <datafield tag="686" ind1="1" ind2=" ">
    <subfield code="a">&#x428;6(2=&#x411;&#x443;&#x440;)7-4</subfield>
  </datafield>
  <datafield tag="700" ind1=" " ind2="1">
    <subfield code="a">&#x41C;&#x443;&#x43D;&#x433;&#x43E;&#x43D;&#x43E;&#x432;</subfield>
    <subfield code="b">&#x411;. &#x41C;.</subfield>
    <subfield code="f">1922-1989</subfield>
    <subfield code="g">&#x411;&#x430;&#x440;&#x430;&#x434;&#x438;&#x439; &#x41C;&#x443;&#x43D;&#x43A;&#x443;&#x435;&#x432;&#x438;&#x447;</subfield>
    <subfield code="4">070</subfield>
  </datafield>
  <datafield tag="852" ind1=" " ind2=" ">
    <subfield code="a">NLR</subfield>
    <subfield code="b">&#x41E;&#x41D;&#x41B;</subfield>
    <subfield code="j">&#x411;&#x443;&#x440;./2-1434</subfield>
  </datafield>
  <datafield tag="942" ind1=" " ind2=" ">
    <subfield code="c">BOOK</subfield>
  </datafield>
  <datafield tag="980" ind1=" " ind2=" ">
    <subfield code="a">NB</subfield>
  </datafield>
  <datafield tag="995" ind1=" " ind2=" ">
    <subfield code="5">2024-07-08</subfield>
    <subfield code="b">NLR01</subfield>
    <subfield code="c">NLR01</subfield>
    <subfield code="e">ONL</subfield>
    <subfield code="f">1-4375234</subfield>
    <subfield code="k">&#x41E;&#x41D;&#x41B; &#x411;&#x443;&#x440;./2-1434</subfield>
    <subfield code="o">0</subfield>
    <subfield code="r">BOOK</subfield>
    <subfield code="s">_21434</subfield>
  </datafield>
</record>
